[Event "North American Open"]
[Site "Las Vegas"]
[Date "2010.12.28"]
[Round "5"]
[White "Steinfl, Alessandr"]
[Black "Abrahamyan, Tatev"]
[Result "1-0"]
[WhiteElo "2238"]
[BlackElo "2410"]
[PlyCount "79"]
[EventDate "2010.12.??"]
[EventType "swiss"]
[EventRounds "7"]
[EventCountry "USA"]
[Source "MonRoi"]

1. d4 Nf6 2. c4 c5 3. d5 b5 4. cxb5 a6 5. b6 g6 6. Nc3 d6 7. e4 Bg7 8. Nf3 O-O
9. Nd2 Nbd7 10. a4 Qxb6 11. a5 Qa7 12. Nc4 Ne8 13. Be2 Nc7 14. O-O Nb5 15. Na4
Nd4 16. Bg5 Re8 17. Bg4 Ne5 18. Nxe5 Bxe5 19. Nb6 Bxg4 20. Qxg4 Rab8 21. f4 Bg7
22. f5 Nb3 23. fxg6 fxg6 24. Ra3 Nxa5 25. Qe6+ Kh8 26. Rh3 Rf8 27. Rd1 Bd4+ 28.
Rxd4 cxd4 29. Qxg6 e5 30. Bf6+ Rxf6 31. Qxf6+ Qg7 32. Qxd6 Re8 33. Rg3 Qf7 34.
Rf3 Qg7 35. b4 Nb7 36. Qc6 Rd8 37. Qe6 d3 38. Rxd3 Rf8 39. Rg3 Qc7 40. Nc4 1-0

[Event "North American Open"]
[Site "Las Vegas"]
[Date "2010.12.28"]
[Round "5"]
[White "Eckert, Doug"]
[Black "Barnett, Alex"]
[Result "1-0"]
[WhiteElo "2223"]
[BlackElo "2378"]
[PlyCount "43"]
[EventDate "2010.12.??"]
[EventType "swiss"]
[EventRounds "7"]
[EventCountry "USA"]
[Source "MonRoi"]

1. d4 f5 2. g3 e6 3. Bg2 Nf6 4. Nf3 Be7 5. O-O O-O 6. c4 d6 7. Nc3 Nbd7 8. Qc2
c5 9. Rd1 h6 10. d5 exd5 11. cxd5 Ng4 12. Rb1 Nde5 13. b4 b6 14. h3 Nxf3+ 15.
exf3 Nf6 16. bxc5 bxc5 17. Bf1 Nd7 18. f4 g6 19. Re1 Bf6 20. Nb5 Nb6 21. Bd2 a6
22. Na3 1-0

[Event "North American Open"]
[Site "Las Vegas"]
[Date "2010.12.28"]
[Round "5"]
[White "Coleman, Teddy"]
[Black "Weiss, Allen"]
[Result "0-1"]
[WhiteElo "2309"]
[BlackElo "2194"]
[PlyCount "60"]
[EventDate "2010.12.??"]
[EventType "swiss"]
[EventRounds "7"]
[EventCountry "USA"]
[Source "MonRoi"]

1. d4 g6 2. c4 Bg7 3. e4 d6 4. Nc3 Nd7 5. Nge2 e5 6. f3 Ne7 7. Bg5 f6 8. Bh4
O-O 9. Qd2 a6 10. d5 Rf7 11. Nc1 Qf8 12. Nd3 Bh6 13. Qe2 c5 14. Bf2 f5 15. g3
fxe4 16. fxe4 Nf6 17. h3 Bd7 18. Bg2 b5 19. cxb5 axb5 20. O-O b4 21. Nd1 Bb5
22. b3 Nexd5 23. exd5 e4 24. N1b2 exd3 25. Nxd3 Re8 26. Qc2 Ne4 27. Bxe4 Rxe4
28. Kg2 Qa8 29. Rad1 Qxd5 30. Kh2 Qe6 0-1

[Event "North American Open"]
[Site "Las Vegas"]
[Date "2010.12.28"]
[Round "5"]
[White "Sharma, Arun"]
[Black "Higgins, Sean"]
[Result "1-0"]
[WhiteElo "2298"]
[BlackElo "2193"]
[PlyCount "109"]
[EventDate "2010.12.??"]
[EventType "swiss"]
[EventRounds "7"]
[EventCountry "USA"]
[Source "MonRoi"]

1. d4 Nf6 2. c4 c5 3. d5 b5 4. cxb5 a6 5. b6 e6 6. Nc3 Nxd5 7. Nxd5 exd5 8.
Qxd5 Nc6 9. e4 Be7 10. Bc4 O-O 11. Nf3 Rb8 12. O-O Rxb6 13. Qh5 d6 14. b3 Be6
15. Bxe6 fxe6 16. Qg4 Qc8 17. Bb2 Bf6 18. Bxf6 Rxf6 19. Rfd1 Qf8 20. Rd3 Rg6
21. Qh5 Rh6 22. Qg5 e5 23. Rc1 Rb4 24. Qe3 Rf6 25. a3 Rb5 26. b4 Nd4 27. bxc5
Nxf3+ 28. gxf3 dxc5 29. Kg2 Rg6+ 30. Kf1 Rh6 31. Rcd1 Re6 32. Rd8 Re8 33. Rxe8
Qxe8 34. a4 Rb4 35. Qxc5 Rxa4 36. Qd5+ Kf8 37. Qd6+ Kg8 38. Qc7 Qb5+ 39. Kg2
Rd4 40. Qc8+ Kf7 41. Qf5+ Kg8 42. Qe6+ Kf8 43. Rc1 Rd8 44. Rc7 Qe8 45. Qxa6 Qh5
46. Qe6 Qg5+ 47. Kh3 Qh5+ 48. Kg3 Qg5+ 49. Qg4 Qf6 50. h4 Rd1 51. Kg2 Rd3 52.
Qh5 g6 53. Qg4 h5 54. Qg3 Ke8 55. Rc5 1-0

[Event "North American Open"]
[Site "Las Vegas"]
[Date "2010.12.28"]
[Round "5"]
[White "Dykes, Denton"]
[Black "Ni, Viktorija"]
[Result "0-1"]
[WhiteElo "2129"]
[BlackElo "2349"]
[PlyCount "46"]
[EventDate "2010.12.??"]
[EventType "swiss"]
[EventRounds "7"]
[EventCountry "USA"]
[Source "MonRoi"]

1. d4 Nf6 2. c4 g6 3. Nc3 Bg7 4. e4 d6 5. Be2 O-O 6. g4 c5 7. g5 Nfd7 8. d5 Re8
9. Qc2 e6 10. dxe6 Rxe6 11. f3 Nc6 12. Be3 Nd4 13. Qd2 Ne5 14. O-O-O Nec6 15.
f4 Qa5 16. Bd3 Nb4 17. Kb1 Bd7 18. a3 Nb3 19. Qf2 Bxc3 20. bxc3 Nxd3 21. Rxd3
Qxa3 22. Qa2 Qxa2+ 23. Kxa2 Bc6 0-1

[Event "North American Open"]
[Site "Las Vegas"]
[Date "2010.12.28"]
[Round "5"]
[White "Landaw, Julian"]
[Black "Stein, Jeremy"]
[Result "1/2-1/2"]
[WhiteElo "2341"]
[BlackElo "2125"]
[PlyCount "112"]
[EventDate "2010.12.??"]
[EventType "swiss"]
[EventRounds "7"]
[EventCountry "USA"]
[Source "MonRoi"]

1. e4 e6 2. d3 d5 3. Nd2 Nf6 4. Ngf3 Bc5 5. e5 Nfd7 6. c3 Be7 7. d4 c5 8. dxc5
Nc6 9. Bb5 Bxc5 10. Qe2 O-O 11. Nb3 Be7 12. h4 f6 13. Bxc6 bxc6 14. Nfd4 Nxe5
15. f4 c5 16. fxe5 cxd4 17. cxd4 Qb6 18. Be3 Ba6 19. Qg4 fxe5 20. O-O-O Bf6 21.
Kb1 exd4 22. Bxd4 Bxd4 23. Nxd4 Rae8 24. Nf3 Bc4 25. Rhe1 Qa6 26. b3 Bd3+ 27.
Kb2 e5 28. Qg5 h6 29. Qe3 e4 30. Qd4 Qc6 31. Rc1 Qf6 32. Qxf6 Rxf6 33. Rc5 Rd8
34. Nd4 Rf2+ 35. Ka3 Rxg2 36. Rc7 Rd6 37. Rxa7 Ra6+ 38. Rxa6 Bxa6 39. Kb4 Rxa2
40. Kc5 Bb7 41. Kb6 Bc8 42. Kc6 Rh2 43. b4 Rxh4 44. b5 e3 45. Kc5 Re4 46. Kxd5
Bb7+ 47. Nc6 Re8 48. Kd6 g5 49. Ne7+ Kh7 50. Rxe3 g4 51. b6 Bf3 52. Rb3 Rb8 53.
Nc6 Rb7 54. Nd8 Rg7 55. Ne6 Rf7 56. Nd8 Rg7 1/2-1/2

[Event "North American Open"]
[Site "Las Vegas"]
[Date "2010.12.28"]
[Round "5"]
[White "Mackinnon, Keith"]
[Black "Liu, Elliott"]
[Result "1/2-1/2"]
[WhiteElo "2123"]
[BlackElo "2340"]
[PlyCount "54"]
[EventDate "2010.12.??"]
[EventType "swiss"]
[EventRounds "7"]
[EventCountry "USA"]
[Source "MonRoi"]

1. e4 c5 2. Nf3 e6 3. d4 cxd4 4. Nxd4 Nf6 5. Nc3 Nc6 6. Ndb5 d6 7. Bf4 e5 8.
Bg5 a6 9. Na3 b5 10. Nd5 Be7 11. Bxf6 Bxf6 12. c3 O-O 13. Nc2 Bg5 14. Nce3 g6
15. a4 bxa4 16. Rxa4 a5 17. Bc4 Rb8 18. b3 Kh8 19. O-O f5 20. exf5 Bxe3 21.
Nxe3 gxf5 22. Qh5 Ne7 23. Rd1 Ng6 24. Ra2 f4 25. Bd3 Qf6 26. Nd5 Qg7 27. Rxa5
Rxb3 1/2-1/2

[Event "North American Open"]
[Site "Las Vegas"]
[Date "2010.12.29"]
[Round "6"]
[White "Ravichandran, Siddharth"]
[Black "Mitkov, Nikola"]
[Result "0-1"]
[WhiteElo "2511"]
[BlackElo "2576"]
[PlyCount "108"]
[EventDate "2010.12.??"]
[EventType "swiss"]
[EventRounds "7"]
[EventCountry "USA"]
[Source "MonRoi"]

1. e4 e5 2. Nc3 Nc6 3. g3 Bc5 4. Bg2 d6 5. Nge2 f5 6. Na4 Nf6 7. d3 fxe4 8.
dxe4 Bb4+ 9. c3 Ba5 10. b4 Bb6 11. O-O Be6 12. a3 Qd7 13. Qd3 Qf7 14. Nxb6 axb6
15. f4 Bc4 16. Qf3 h5 17. a4 h4 18. b5 Nb8 19. fxe5 dxe5 20. gxh4 Bxb5 21. Bg5
Rxa4 22. Rxa4 Bxa4 23. Ng3 Bb5 24. Rf2 O-O 25. Nf5 Nbd7 26. Bh6 Ra8 27. h3 Kh7
28. Bxg7 Nh5 29. Bh6 Nc5 30. Rd2 Bc6 31. Qe3 Rg8 32. Bg5 Rg6 33. Kh2 Ne6 34.
Bf3 Nhf4 35. Be7 Ng7 36. Bg4 Rxg4 37. hxg4 Nxf5 38. exf5 Qxe7 39. g5 Qe8 40.
g6+ Kg7 41. Rf2 Nh5 42. Qg5 Nf6 43. Re2 Bf3 44. Rd2 Qb5 45. c4 Qc5 46. Kh3 e4
47. Rd8 Bg4+ 48. Qxg4 Nxg4 49. Rd7+ Kf6 50. Rf7+ Ke5 51. Kxg4 e3 52. Kh5 Qxc4
53. Rf8 e2 54. Kh6 Qxh4+ 0-1

[Event "North American Open"]
[Site "Las Vegas"]
[Date "2010.12.29"]
[Round "6"]
[White "Kleiman, Jake"]
[Black "Norowitz, Yaacov"]
[Result "1/2-1/2"]
[WhiteElo "2453"]
[BlackElo "2540"]
[PlyCount "66"]
[EventDate "2010.12.??"]
[EventType "swiss"]
[EventRounds "7"]
[EventCountry "USA"]
[Source "MonRoi"]

1. e4 c6 2. Nc3 d5 3. Nf3 dxe4 4. Nxe4 Bg4 5. h3 Bh5 6. Ng3 Bxf3 7. Qxf3 Nf6 8.
Bc4 e6 9. O-O Nbd7 10. Re1 Qc7 11. d4 O-O-O 12. c3 Bd6 13. b4 Rdg8 14. Ne4 Nxe4
15. Rxe4 Nf6 16. Re1 Nd5 17. b5 cxb5 18. Bxb5 Qxc3 19. Be3 Qa5 20. Rab1 Rf8 21.
Rec1+ Bc7 22. Rc5 b6 23. Bd7+ Kxd7 24. Rxa5 bxa5 25. Rb5 f5 26. Rxd5+ exd5 27.
Qxd5+ Kc8 28. Qa8+ Kd7 29. Qd5+ Kc8 30. g3 f4 31. Qa8+ Kd7 32. Qd5+ Kc8 33.
Qa8+ Kd7 1/2-1/2

[Event "North American Open"]
[Site "Las Vegas"]
[Date "2010.12.29"]
[Round "6"]
[White "Sevillano, Enrico"]
[Black "Sharma, Arun"]
[Result "1/2-1/2"]
[WhiteElo "2558"]
[BlackElo "2298"]
[PlyCount "96"]
[EventDate "2010.12.??"]
[EventType "swiss"]
[EventRounds "7"]
[EventCountry "USA"]
[Source "MonRoi"]

1. e4 c5 2. c3 d5 3. exd5 Qxd5 4. d4 Nc6 5. Nf3 Bg4 6. Be2 e6 7. h3 Bh5 8. O-O
Nf6 9. Be3 cxd4 10. Nxd4 Bxe2 11. Qxe2 Nxd4 12. Bxd4 Be7 13. Rd1 Qc6 14. Nd2
O-O 15. Nf3 Rfd8 16. Ne5 Qe4 17. Qf1 a6 18. Rd3 b5 19. Re1 Qb7 20. Qe2 Bd6 21.
Rg3 Ne8 22. Qg4 Bxe5 23. Bxe5 Rd5 24. Qf3 g6 25. h4 Rad8 26. h5 Qe7 27. hxg6
fxg6 28. Qg4 Nd6 29. Rge3 Nc4 30. R3e2 Rxe5 31. Rxe5 Nxe5 32. Rxe5 Rd6 33. Re1
Qd7 34. b3 Rc6 35. c4 bxc4 36. bxc4 Qc8 37. Re4 Rd6 38. Re1 Rc6 39. Rc1 e5 40.
Qe4 Rc5 41. Rb1 Qc6 42. Rb8+ Kg7 43. Rb7+ Kg8 44. Qb1 Rxc4 45. Qb3 Qa4 46. Rb8+
Kg7 47. Rb7+ Kg8 48. Rb8+ Kg7 1/2-1/2

[Event "North American Open"]
[Site "Las Vegas"]
[Date "2010.12.29"]
[Round "6"]
[White "Amanov, Mesgen"]
[Black "Steinfl, Alessandr"]
[Result "1-0"]
[WhiteElo "2553"]
[BlackElo "2238"]
[PlyCount "83"]
[EventDate "2010.12.??"]
[EventType "swiss"]
[EventRounds "7"]
[EventCountry "USA"]
[Source "MonRoi"]

1. d4 f5 2. Nf3 Nf6 3. g3 g6 4. Bg2 Bg7 5. O-O O-O 6. b3 d6 7. Bb2 Ne4 8. Nbd2
Nc6 9. Ne1 d5 10. Ndf3 b6 11. Nd3 e6 12. e3 a5 13. c4 Bb7 14. Rc1 Qe7 15. a3 g5
16. cxd5 exd5 17. Qc2 g4 18. Nfe1 Rac8 19. Nf4 Nd8 20. Ned3 Nf7 21. Rfd1 c6 22.
h4 Rfe8 23. b4 axb4 24. axb4 Ba6 25. Ra1 Bc4 26. Ra3 Ned6 27. Rda1 Nb5 28. Ra6
Rb8 29. Bf1 Qe4 30. Qd1 Qe7 31. R6a4 Bf6 32. Qc2 Nbd6 33. Ra7 Rb7 34. Rxb7 Qxb7
35. Bg2 Ne4 36. Nh5 Bh8 37. Ne5 Nxe5 38. dxe5 Qf7 39. Bxe4 dxe4 40. Nf6+ Bxf6
41. exf6 Rd8 42. Qc3 1-0

[Event "North American Open"]
[Site "Las Vegas"]
[Date "2010.12.29"]
[Round "6"]
[White "Weiss, Allen"]
[Black "Ris, Robert"]
[Result "1/2-1/2"]
[WhiteElo "2194"]
[BlackElo "2516"]
[PlyCount "238"]
[EventDate "2010.12.??"]
[EventType "swiss"]
[EventRounds "7"]
[EventCountry "USA"]
[Source "MonRoi"]

1. d4 Nf6 2. Nf3 d5 3. c4 e6 4. Nc3 Nbd7 5. Bg5 c6 6. e3 Qa5 7. Bxf6 Nxf6 8.
cxd5 Nxd5 9. Qd2 Bb4 10. Rc1 O-O 11. Bd3 c5 12. O-O cxd4 13. Nxd4 Nxc3 14. bxc3
Be7 15. Rb1 Qc7 16. Nb5 Qc5 17. Nd4 Rd8 18. Qc2 g6 19. Be4 e5 20. Rb5 Qc7 21.
Nf3 Bf6 22. Rfb1 Rb8 23. h3 b6 24. c4 Be6 25. Rc1 a6 26. Rbb1 Be7 27. Qb2 Bd6
28. Ng5 Qe7 29. Nxe6 Qxe6 30. Qe2 Bc5 31. Bd5 Qe7 32. e4 Rd6 33. Rc3 Rf6 34.
Rf3 Rxf3 35. Qxf3 Rd8 36. Qe2 Rd6 37. Rb3 Rf6 38. Rf3 Kg7 39. Rxf6 Qxf6 40. Bb7
a5 41. a4 Qf4 42. Bd5 f6 43. Bc6 h5 44. Bd5 g5 45. Be6 Kg6 46. Bd7 Qc1+ 47. Kh2
Qf4+ 48. g3 Qxf2+ 49. Qxf2 Bxf2 50. Kg2 Be1 51. g4 h4 52. Kf1 Bb4 53. Be6 Kg7
54. Ke2 Kf8 55. Kd3 Ke7 56. Bf5 Kd6 57. Bc8 Kc5 58. Bd7 Be1 59. Bb5 Kb4 60. Bc6
Bf2 61. Bb5 Kb3 62. Ke2 Bc5 63. Kd3 Kb2 64. Kd2 Bb4+ 65. Kd3 Kc1 66. Ke2 Kc2
67. Kf3 Kd2 68. Bc6 Bc5 69. Bb5 Ke1 70. Kg2 Ke2 71. Bc6 Ke3 72. Bd5 Kd2 73. Kf3
Ke1 74. Kg2 Ke2 75. Bc6 Kd3 76. Bd5 Kc3 77. Kf3 Kb3 78. Bc6 Kc2 79. Bb7 Kd1 80.
Bc6 Ke1 81. Kg2 Ke2 82. Bb7 Ke3 83. Bc6 Bd4 84. Bd5 b5 85. cxb5 Bb6 86. Bc6 Kd3
87. Kf3 Kc3 88. Ke2 Kb3 89. Kd3 Kxa4 90. Kc4 Ka3 91. Kd5 Kb4 92. Ke6 a4 93.
Kxf6 a3 94. Bd5 Bd8+ 95. Kxe5 Kxb5 96. Kd6 Kb6 97. Kd7 Bc7 98. Ba2 Bf4 99. Ke6
Kc5 100. Kf5 Kd4 101. e5 Bxe5 102. Kxg5 Bg3 103. Kf5 Kc5 104. g5 Kd6 105. Kf6
Be5+ 106. Kf5 Bc3 107. Kg4 Ke7 108. Kxh4 Kf8 109. g6 Kg7 110. Kg5 Bb2 111. Kf5
Bc3 112. h4 Bb2 113. h5 Bc3 114. Kg5 Bf6+ 115. Kg4 Bc3 116. Bc4 Bb2 117. Ba2
Bc1 118. Kf5 Bd2 119. Ke6 Bc3 1/2-1/2

[Event "North American Open"]
[Site "Las Vegas"]
[Date "2010.12.29"]
[Round "6"]
[White "Arnold, Marc"]
[Black "Eckert, Doug"]
[Result "1-0"]
[WhiteElo "2512"]
[BlackElo "2223"]
[PlyCount "109"]
[EventDate "2010.12.??"]
[EventType "swiss"]
[EventRounds "7"]
[EventCountry "USA"]
[Source "MonRoi"]

1. d4 d5 2. c4 c6 3. Nf3 Nf6 4. e3 Bf5 5. Nc3 e6 6. Nh4 Bg4 7. Qb3 Qc7 8. h3
Bh5 9. g4 Bg6 10. Nxg6 hxg6 11. Bg2 dxc4 12. Qxc4 Nbd7 13. g5 Nb6 14. Qe2 Nfd5
15. Bd2 Be7 16. f4 Bd6 17. Ne4 Bb4 18. Nc3 Bd6 19. h4 Qe7 20. Kf2 a6 21. Ne4
Nc8 22. h5 Rxh5 23. Rxh5 gxh5 24. Qxh5 Bb4 25. g6 Bxd2 26. gxf7+ Qxf7 27. Qxf7+
Kxf7 28. Nxd2 Nd6 29. a3 Rh8 30. Rh1 Rxh1 31. Bxh1 g5 32. fxg5 Kg6 33. e4 Nf4
34. Ke3 Nh3 35. Bg2 Nxg5 36. Kd3 Kh5 37. e5 Nf5 38. Nc4 Kg4 39. Na5 Kg3 40. Be4
Kf4 41. Bxf5 exf5 42. Nxb7 Ne6 43. Na5 Kg3 44. Nxc6 f4 45. Ne7 f3 46. Nf5+ Kg2
47. Nh4+ Kg3 48. Nxf3 Kxf3 49. d5 Nc7 50. Kd4 Kf4 51. d6 Ne6+ 52. Kd5 Kf5 53.
d7 a5 54. b4 axb4 55. axb4 1-0

[Event "North American Open"]
[Site "Las Vegas"]
[Date "2010.12.29"]
[Round "6"]
[White "Young, Gregory"]
[Black "De Guzman, Ricardo"]
[Result "1-0"]
[WhiteElo "2328"]
[BlackElo "2465"]
[PlyCount "107"]
[EventDate "2010.12.??"]
[EventType "swiss"]
[EventRounds "7"]
[EventCountry "USA"]
[Source "MonRoi"]

1. e4 d6 2. d4 Nf6 3. Nc3 g6 4. f4 Bg7 5. Nf3 c5 6. Bb5+ Bd7 7. e5 Ng4 8. e6
Bxb5 9. exf7+ Kd7 10. Nxb5 Qa5+ 11. Nc3 cxd4 12. Nxd4 Bxd4 13. Qxd4 Nc6 14. Qc4
Qa6 15. Nb5 Rac8 16. Qe2 Nh6 17. c3 Nxf7 18. O-O e6 19. Rd1 Ne7 20. Be3 Nd5 21.
Rxd5 exd5 22. Qg4+ Kc6 23. Nxa7+ Kc7 24. Nxc8 Rxc8 25. Qe6 Nh6 26. Bf2 Rd8 27.
Qh3 Ng8 28. Qxh7+ Kc6 29. Qxg6 Qe2 30. Re1 Qxb2 31. Rb1 Qe2 32. Rb6+ Kc7 33.
Qb1 Rb8 34. Qh7+ Ne7 35. Rb1 Qe4 36. Qxe4 dxe4 37. Re1 d5 38. c4 Ra8 39. cxd5
Ra4 40. Rd1 Kd6 41. Rd4 b5 42. Rxa4 bxa4 43. Bd4 Kxd5 44. Bf6 Nc6 45. Kf2 Nb4
46. f5 Nxa2 47. h4 Nb4 48. h5 Nd3+ 49. Kf1 Ne5 50. h6 Nf7 51. h7 e3 52. h8=Q
Nxh8 53. Bxh8 Ke4 54. f6 1-0

[Event "North American Open"]
[Site "Las Vegas"]
[Date "2010.12.29"]
[Round "6"]
[White "Mikhailuk, Slava"]
[Black "Sandager, Stephen"]
[Result "1-0"]
[WhiteElo "2431"]
[BlackElo "2203"]
[PlyCount "69"]
[EventDate "2010.12.??"]
[EventType "swiss"]
[EventRounds "7"]
[EventCountry "USA"]
[Source "MonRoi"]

1. c4 e5 2. Nc3 Nf6 3. g3 Nc6 4. Bg2 Bc5 5. e3 O-O 6. Nge2 d6 7. d4 Bb6 8. O-O
Bd7 9. Na4 Re8 10. c5 dxc5 11. dxc5 Ba5 12. a3 Bf5 13. Qxd8 Raxd8 14. Bxc6 bxc6
15. b4 Bh3 16. Re1 Ne4 17. f3 Ng5 18. Kf2 Re6 19. e4 Nxf3 20. Kxf3 Rd3+ 21. Kf2
Rf6+ 22. Kg1 Rdf3 23. Bg5 Rg6 24. Rad1 h6 25. Bc1 Rgf6 26. Kh1 Bg4 27. Ng1 Rf2
28. Rd8+ Kh7 29. Be3 Ra2 30. bxa5 Rxa3 31. Nb2 Rxa5 32. Nc4 Ra2 33. Nxe5 Be6
34. Nd7 Rf5 35. Nf8+ 1-0

[Event "North American Open"]
[Site "Las Vegas"]
[Date "2010.12.29"]
[Round "6"]
[White "Omori, Michael"]
[Black "Gulamali, Kazim"]
[Result "0-1"]
[WhiteElo "2100"]
[BlackElo "2420"]
[PlyCount "83"]
[EventDate "2010.12.??"]
[EventType "swiss"]
[EventRounds "7"]
[EventCountry "USA"]
[Source "MonRoi"]

1. e4 e5 2. Nf3 Nc6 3. Bc4 Nf6 4. d3 Be7 5. O-O O-O 6. Re1 d6 7. c3 Na5 8. Bb5
a6 9. Ba4 c5 10. Nbd2 b5 11. Bc2 Nc6 12. Nf1 Re8 13. Ng3 h6 14. h3 Bf8 15. d4
cxd4 16. cxd4 Bb7 17. Be3 Rc8 18. Rc1 exd4 19. Bxd4 Nxd4 20. Nxd4 Qb6 21. Qd2
g6 22. Rcd1 Bg7 23. Bb1 Re7 24. Nde2 Rce8 25. Qxd6 Qxd6 26. Rxd6 Nxe4 27. Bxe4
Bxe4 28. Red1 Bb7 29. R6d2 h5 30. Nc1 Re1+ 31. Kh2 h4 32. Nge2 Be5+ 33. f4 Rxd1
34. Rxd1 Bxb2 35. Rd7 Be4 36. Ra7 Rc8 37. Re7 f5 38. Nb3 Rc2 39. Nbd4 Bxd4 40.
Nxd4 Rxg2+ 41. Kh1 Rd2+ 42. Kg1 0-1

[Event "North American Open"]
[Site "Las Vegas"]
[Date "2010.12.29"]
[Round "6"]
[White "O Reilly, Steven"]
[Black "Wang, Philip"]
[Result "0-1"]
[WhiteElo "2098"]
[BlackElo "2408"]
[PlyCount "30"]
[EventDate "2010.12.??"]
[EventType "swiss"]
[EventRounds "7"]
[EventCountry "USA"]
[Source "MonRoi"]

1. d4 f5 2. g3 Nf6 3. Bg2 g6 4. b3 Bg7 5. Bb2 O-O 6. c4 d6 7. Nf3 Qe8 8. Nbd2
e5 9. dxe5 Ng4 10. O-O Nc6 11. Qc2 dxe5 12. e4 f4 13. Ba3 fxg3 14. fxg3 Ne3 15.
Qc3 Nxf1 0-1

[Event "North American Open"]
[Site "Las Vegas"]
[Date "2010.12.29"]
[Round "6"]
[White "Ni, Viktorija"]
[Black "Williams, John"]
[Result "1-0"]
[WhiteElo "2349"]
[BlackElo "2117"]
[PlyCount "99"]
[EventDate "2010.12.??"]
[EventType "swiss"]
[EventRounds "7"]
[EventCountry "USA"]
[Source "MonRoi"]

1. d4 d5 2. c4 e6 3. Nf3 Nf6 4. e3 Be7 5. Nc3 O-O 6. Qc2 b6 7. Be2 c5 8. O-O
Nc6 9. Rd1 Ba6 10. Qa4 Qc8 11. Ne5 Bb7 12. cxd5 Nxe5 13. dxe5 Nxd5 14. Ne4 Qc7
15. Nd6 Bc6 16. Qc4 f6 17. e4 fxe5 18. exd5 exd5 19. Rxd5 Kh8 20. Nb5 Qb7 21.
Rxe5 a6 22. Nc3 b5 23. Qg4 Bf6 24. Rh5 Be8 25. Rxc5 Rd8 26. Be3 b4 27. Bf3 Qf7
28. Nd5 Bxb2 29. Rb1 Be5 30. Qg5 Qg6 31. Qxd8 Qxb1+ 32. Rc1 Qf5 33. Nxb4 Bf4
34. Qd3 Qg5 35. Re1 Bg6 36. Qd2 Bxe3 37. Qxe3 Qa5 38. a3 h6 39. Qe6 Re8 40.
Qxe8+ Bxe8 41. Rxe8+ Kh7 42. Be4+ g6 43. Re7+ Kg8 44. Bd5+ Kh8 45. Re8+ Kg7 46.
Re7+ Kh8 47. Bc4 Qd8 48. Nd5 Qd6 49. Rf7 Qe6 50. Nf6 1-0

[Event "North American Open"]
[Site "Las Vegas"]
[Date "2010.12.29"]
[Round "6"]
[White "Langer, Michael"]
[Black "Chiang, Michael"]
[Result "1-0"]
[WhiteElo "2309"]
[BlackElo "2098"]
[PlyCount "97"]
[EventDate "2010.12.??"]
[EventType "swiss"]
[EventRounds "7"]
[EventCountry "USA"]
[Source "MonRoi"]

1. e4 e5 2. Nf3 Nc6 3. Bc4 Bc5 4. O-O Nf6 5. d3 O-O 6. Bg5 h6 7. Bh4 d6 8. c3
Bb6 9. Nbd2 a6 10. Bb3 Be6 11. Bc2 Kh8 12. Re1 g5 13. Bg3 Qd7 14. Ba4 Bg4 15.
Nf1 Nh5 16. h3 Bxf3 17. Qxf3 Nf4 18. d4 Qd8 19. Rad1 Qf6 20. Bxc6 bxc6 21. dxe5
dxe5 22. Kh2 h5 23. Ne3 Rg8 24. Kh1 g4 25. hxg4 Bxe3 26. fxe3 hxg4 27. Qf2 Qh6+
28. Kg1 Nh5 29. Bxe5+ f6 30. Bf4 Qh7 31. Qh4 Rab8 32. b3 Rb5 33. c4 Ra5 34. Rd2
Qxe4 35. Red1 Kg7 36. Rd7+ Kg6 37. b4 Rg5 38. R7d4 Qe6 39. Bxg5 fxg5 40. Qf2
Nf6 41. e4 Rb8 42. a3 Qe5 43. Qf5+ Qxf5 44. exf5+ Kxf5 45. Rd8 Rb7 46. Rf1+ Kg6
47. Ra8 Nd7 48. Rg8+ Kh6 49. Kf2 1-0

[Event "North American Open"]
[Site "Las Vegas"]
[Date "2010.12.29"]
[Round "6"]
[White "Veech, John"]
[Black "Ristovic, Nenad"]
[Result "1/2-1/2"]
[WhiteElo "2134"]
[BlackElo "2278"]
[PlyCount "39"]
[EventDate "2010.12.??"]
[EventType "swiss"]
[EventRounds "7"]
[EventCountry "USA"]
[Source "MonRoi"]

1. d4 d5 2. c4 e6 3. Nf3 c6 4. Qc2 Nf6 5. Bg5 Be7 6. e3 h6 7. Bh4 O-O 8. Nc3 b6
9. cxd5 Nxd5 10. Bg3 Nxc3 11. bxc3 Bb7 12. Be2 c5 13. O-O Bd6 14. Ne5 Nc6 15.
Bf3 Qc7 16. Nxc6 Bxc6 17. dxc5 Bxg3 18. hxg3 bxc5 19. Bxc6 Qxc6 20. Rfd1
1/2-1/2

[Event "North American Open"]
[Site "Las Vegas"]
[Date "2010.12.29"]
[Round "6"]
[White "Wang, Lidong"]
[Black "Barnett, Alex"]
[Result "1-0"]
[WhiteElo "2167"]
[BlackElo "2378"]
[PlyCount "69"]
[EventDate "2010.12.??"]
[EventType "swiss"]
[EventRounds "7"]
[EventCountry "USA"]
[Source "MonRoi"]

1. e4 c5 2. c3 g6 3. d4 cxd4 4. cxd4 Bg7 5. Nc3 d6 6. h3 Nc6 7. Nf3 Nf6 8. Be3
O-O 9. Rc1 Qa5 10. Bd3 Nd7 11. O-O e5 12. Bc4 exd4 13. Nxd4 Nde5 14. Bb3 Nb4
15. a3 Nbd3 16. Rc2 Nxb2 17. Qe2 Nc6 18. Qd2 Qxa3 19. Ncb5 Nxd4 20. Nxa3 Nxb3
21. Qe2 Na4 22. Nb5 Be6 23. Nxd6 b6 24. f4 Nd4 25. Bxd4 Bxd4+ 26. Kh1 a6 27. e5
f6 28. exf6 Bb3 29. Rc4 Nc3 30. Qe6+ Kh8 31. Nf7+ Rxf7 32. Rc8+ Rf8 33. Qe7
Bxf6 34. Qxf6+ Kg8 35. Qxf8# 1-0

[Event "North American Open"]
[Site "Las Vegas"]
[Date "2010.12.29"]
[Round "6"]
[White "Liu, Elliott"]
[Black "Stein, Jeremy"]
[Result "1/2-1/2"]
[WhiteElo "2340"]
[BlackElo "2125"]
[PlyCount "53"]
[EventDate "2010.12.??"]
[EventType "swiss"]
[EventRounds "7"]
[EventCountry "USA"]
[Source "MonRoi"]

1. e4 e6 2. d4 d5 3. Nc3 Bb4 4. e5 c5 5. a3 Bxc3+ 6. bxc3 Ne7 7. Qg4 Qc7 8.
Qxg7 Rg8 9. Qxh7 cxd4 10. Ne2 Nbc6 11. f4 dxc3 12. Qd3 d4 13. Rb1 Bd7 14. h4
O-O-O 15. Rg1 Ng6 16. h5 Ngxe5 17. fxe5 Nxe5 18. Qxd4 Bc6 19. Qxc3 Nf3+ 20.
gxf3 Rxg1 21. Bf4 Qe7 22. Qxc6+ bxc6 23. Rb8+ Kd7 24. Rb7+ Kc8 25. Rxe7 Rh1 26.
Ng3 Rh4 27. Ba6# 1/2-1/2

[Event "North American Open"]
[Site "Las Vegas"]
[Date "2010.12.29"]
[Round "6"]
[White "Liu, Daniel"]
[Black "Gurczak, John"]
[Result "0-1"]
[WhiteElo "2053"]
[BlackElo "2159"]
[PlyCount "80"]
[EventDate "2010.12.??"]
[EventType "swiss"]
[EventRounds "7"]
[EventCountry "USA"]
[Source "MonRoi"]

1. e4 c5 2. Nf3 d6 3. d4 cxd4 4. Nxd4 Nf6 5. Nc3 a6 6. Bg5 e6 7. f4 Nc6 8. Nxc6
bxc6 9. e5 h6 10. Bh4 g5 11. fxg5 Nd5 12. Ne4 Qb6 13. Bf2 Qb4+ 14. Nd2 Qxb2 15.
Nc4 Qc3+ 16. Nd2 Qxe5+ 17. Be2 Nc3 18. Nf3 Nxd1 19. Nxe5 Nxf2 20. Kxf2 dxe5 21.
Rhd1 hxg5 22. Bf3 Bc5+ 23. Kg3 O-O 24. Rab1 Ra7 25. Bxc6 Rc7 26. Ba4 Bd4 27.
Rd3 Bb7 28. Re1 Rfc8 29. Bb3 Rc3 30. Kg4 Rxd3 31. cxd3 Bd5 32. Kxg5 Bxb3 33.
axb3 Kg7 34. Re2 f6+ 35. Kh4 Rc3 36. Ra2 Rxb3 37. Rxa6 Rxd3 38. Rxe6 Kg6 39.
Rc6 Bg1 40. Rc2 Bxh2 0-1

[Event "North American Open"]
[Site "Las Vegas"]
[Date "2010.12.29"]
[Round "7"]
[White "Friedel, Joshua"]
[Black "Kacheishvili, Giorgi"]
[Result "0-1"]
[WhiteElo "2554"]
[BlackElo "2617"]
[PlyCount "96"]
[EventDate "2010.12.??"]
[EventType "swiss"]
[EventRounds "7"]
[EventCountry "USA"]
[Source "MonRoi"]

1. e4 c6 2. d4 d5 3. e5 Bf5 4. Nd2 e6 5. Nb3 Nd7 6. Nf3 Qc7 7. Be2 f6 8. O-O
fxe5 9. dxe5 O-O-O 10. Nbd4 Nxe5 11. Ng5 Re8 12. g4 h6 13. gxf5 hxg5 14. f4
exf5 15. fxe5 Qxe5 16. Rf2 Bc5 17. c3 Nf6 18. Bd3 g6 19. Bxg5 Ng4 20. Qd2 Nxf2
21. Qxf2 Bb6 22. a4 Rh3 23. Bf1 Rh5 24. Bf4 Qf6 25. a5 Bc7 26. a6 b6 27. Bg2
Rh7 28. Bxc7 Kxc7 29. c4 Qh4 30. Qg3+ Qxg3 31. hxg3 dxc4 32. Nxc6 Kd6 33. Rd1+
Kc5 34. Nd8 b5 35. Rd5+ Kb6 36. Rd6+ Kc5 37. Rd5+ Kb6 38. Rd6+ Kc7 39. Nb7 Re1+
40. Kf2 Rb1 41. Bd5 Rxb2+ 42. Ke3 Rd7 43. Rc6+ Kb8 44. Be6 Rc7 45. Rd6 Rb3+ 46.
Kf4 Rd3 47. Bd5 c3 48. Na5 c2 0-1